000 01426nam a2200409 i 4500
001 192771
003 SpMaBN
005 20250630060254.0
007 ta
008 230521s2007 sp | ||| ||spa
016 7 _abimoBNE20070474106
_2SpMaBN
017 _aM 42138-2007
_bOficina Depósito Legal Madrid
020 _a9788408068860
035 _a(OCoLC)150852268
040 _aSpMaBN
_bspa
_cES-MaACL
_erda
080 _a821.134.2-31"19"
080 _a94(460)"1936/39"(0:82)
100 0 _aMaristany, Manuel,
_976899
_eaut
245 1 3 _aLa enfermera de Brunete /
_cManuel Maristany
250 _aPrimera edición
250 _aTercera impresión: octubre de 2007
264 1 _aBarcelona :
_bPlaneta,
_c2007
300 _a1037 páginas ;
_c24 cm
336 _2rdacontent
_aTexto
337 _2rdamedia
_asin mediación
338 _2rdacarrier
_avolumen
490 1 _aAutores españoles e iberoamericanos
651 4 _aEspaña-
_xHistoria-
_y1936-1939, Guerra civil-
_vNovelas
_2embne
_98310
655 7 _aNovelas de guerra
_9226781
655 7 _aNovelas históricas
_2tgfbne
_9226782
830 0 _9119106
_aAutores españoles e iberoamericanos
852 _aES-MaACL
_bR.152289
_jN-8396
_cDEPOJ
_hDonación: José Lázaro García
_xCartoné
_9200070
903 _9234219
_aLázaro García, José
_ednr
942 _n0
_cMONOGRAFIA
999 _c192771
_d192771